000
00323 a2200145 4500
001
176105
020
_a
040
_c
Magnum
100
_a
Paiva, May Christina Cunha de
240
1
0
_a
A borboleta e a minhoca
_l
por
245
1
0
_a
A borboleta e a minhoca
362
0
_a
1899
697
_a
MAGNITO: I/ANIMAIS
942
_c
BK
999
_c
176105
_d
176105